| 000 | 01903nam a22004337i 4500 | ||
|---|---|---|---|
| 003 | DO-SdBNP | ||
| 005 | 20240725094812.0 | ||
| 007 | ta | ||
| 008 | 210715e2006 dr abd|gre||| 001 0 spa d | ||
| 020 | _a9945111442 | ||
| 040 |
_aDO-SdBNP _bspa _cBNPHU _erda |
||
| 041 | _hspa | ||
| 082 | 4 |
_a917.293 _bA881g _222 |
|
| 245 | 0 | 0 |
_aAtlas geográfico de la República Dominicana y del mundo / _cMargarita Castro Catrain, Marcos Morales Valdez, Ignacio Aybar Acosta, Henry Ramos ; editora, Obdulia García de Escobar ; Cartografía, Eric Castro Ricart ; fotografía, Dieter Höner y otros |
| 264 | 1 |
_aSanto Domingo : _bSantilla, _c2006. |
|
| 300 |
_a183 páginas : _bilustraciones, gráficas, mapas; _c31 cm |
||
| 336 |
_atexto _btxt _2rdacontent |
||
| 337 |
_asin mediación _bn _2rda media |
||
| 338 |
_avolumen _bnc _2rdacarrier |
||
| 500 | _aIncluye índice de topónimos páginas 173- 181 | ||
| 500 | _aIncluye banderas. | ||
| 505 | 0 | 0 |
_tEl planeta tierra 8.-- _tRepública Dominicana.-- _tEl mundo.-- _tLos continentes. |
| 590 | _aInventariado 2021 / MF | ||
| 650 | 4 |
_942828 _aGografía _xAtlas _zRepública Dominicana |
|
| 651 |
_aRepública Dominicana _vAtlas _xGeografía _986095 |
||
| 700 | 1 |
_929221 _aCastro Catrain, Margarita. |
|
| 700 | 1 |
_aMorales Valdez, Marcos. _979244 |
|
| 700 | 1 |
_961881 _aAybar Acosta, Ignacio |
|
| 700 | 1 |
_aRamos, Henry, _923169 |
|
| 700 | 1 |
_923169 _aCastro Ricart, Eric, _ecartografía |
|
| 700 | 1 |
_931261 _aHöner, Dieter _aOttenwalder, José Alberto _4fotogr. |
|
| 700 | 1 |
_aRamírez, Sésar _aBrianes, Ricardo _4fotogr. _981346 |
|
| 700 | 1 |
_aCassá, Roberto, _d1948- _4fotogr. _910888 |
|
| 700 | 1 |
_aAbad, José Luis _aGávez, Héctor _4fotogr. _981347 |
|
| 700 | 1 |
_929250 _aCapellán, Fanny _4fotogr. |
|
| 710 | 1 |
_955321 _aRepública Dominicana. _bUniversidad Autónoma de Santo Domingo. _bInstituto Geográfico Universitario |
|
| 910 | _aMFeliz | ||
| 942 |
_2ddc _cLBS1 |
||
| 999 |
_c50113 _d50113 |
||